00466nam a2200133Ia 4500003000900000008004100009040001600050080001800066110002800084245014700112260004200259300000900301650002200310IN-BaIIA211028s9999 xx 000 0 eng d cIIA Library a5(086.8)bOUP aOxford University Press 0aOxford science shelf Instant access to Oxford reference- CD-ROM Windows version.cOxford University Press  aOxfordbOxford University Pressc1994 a35p. aOxoford reference